000 01255nam a2200241Ia 4500
999 _c49169
_d49169
001 16080
003 GE_BSU
005 20241204164733.0
008 181216s2010||||ge |||||||||||||| ||geo||
040 _cGE_BSU
041 _ageo
080 _a577.34(075.8) ც-78
100 _aციცქიშვილი, მარატ
_923856
245 _aრადიობიოლოგიის და რადიაციული ეკოლოგიის საფუძვლები ; ტ. I :
_bრადიობიოლოგიის სასწავლო კურსი კოლეჯებისა და უნივერსიტეტებისათვის.
264 _aთბილისი :
_b[გ.გ],
_c2010.
300 _a309 გვ. :
_bილ. ;
_c27 სმ.
500 _aდანართი გვ. 297-304
653 _aრადიობიოლოგია
700 _aმამაგეიშვილი, ინგა
_eავტორი
_923857
700 _aქარჩავა, გულნარა
_eავტორი
_923858
710 _aსაქართველოს ეკოლოგიურ მეცნიერებათა აკადემია
_923859
942 _cBK
_2udc